01480cam a22004097a 45000010008000000030004000080050017000120060019000290070015000480080041000630150019001040160018001230200025001410200023001660200026001890350026002150380009002410400083002500420014003330500024003470820020003711000036003912100028004272450069004552600032005245040051005565060043006075630014006506500026006646500032006907730045007228560127007679100031008949420012009259990017009379520116009547850593OSt20210813095256.0m d cr n 080605s2008 enka sb 001 0 eng d aGBA8620592bnb7 a0146023112Uk a9781848002043 (hbk.) a184800205X (ebook) a9781848002050 (ebook) a(WaSeSS)ssj0000317088 aamir aUKMcUKMdBTCTAdYDXCPdOHXdOCLCGdBAKERdBWKUKdBWKdBWXdOCLCQdDLCdWaSeSS alccopycat 4aTJ1185b.S5697 200804a671.35222bSMI1 aSmith, Graham T.,d1947-93593910aCutting tool technology10aCutting tool technologybindustrial handbook /cGraham T. Smith. aLondon :bSpringer,cc2008. aIncludes bibliographical references and index. aLicense restrictions may limit access. aHardcover 0aMetal-cutting.934549 0aMetal-cutting tools.935940 0tSpringerLink ebooks - Engineering (2008)40uhttp://www.columbia.edu/cgi-bin/cul/resolve?clio7850593zFull text available from SpringerLink ebooks - Engineering (2008) aLibrary of Congress record 2ddccBK c31579d31579 00102ddc4070aSMMEbSMMEcREFd2015-06-26o671.35 SMIpSMME-105r2018-03-20w2015-06-26yBKzRack,12-Shelf,4